| 000 | 00373 a2200121 4500 | ||
|---|---|---|---|
| 001 | ART_19290 | ||
| 005 | 20260410161921.0 | ||
| 008 | 260409a | ||
| 245 | 1 | 0 | _aAcerca de algunas formalidades en la ley 19550 |
| 100 | 1 | _aDealecsandris, Ricardo P. | |
| 700 | 1 | _aQuian, Roberto J. | |
| 773 | 0 |
_tLa información _g- Tomo XLI, Nº 601 (ene. 1980) _wREV14902 |
|
| 999 |
_c27758 _d27758 |
||